=LDR 00000nam 2200000 4500 =001 INLIS000000000055558 =005 20200529085446 =035 ##$$a 0010-0520000056 =007 ta =008 200529################g##########0#ind## =020 ##$$a 978-602-8689-35-9 =082 ##$$a 2X4.1 =084 ##$$a 2X4.1 ALH s =100 #$$a Al-Hanbali, Ibnu Rajab =245 1#$$a Seri mengungkap keutamaan bulan-bulan islam : $b Syawal menjemput kemenangan /$c Ibnu Rajab Al-Hanbali; Penerjemah: Kamran As'at Irsyady, LC =260 ##$$a Jakarta :$b Amzah,$c 2011 =300 ##$$a viii, 128 hlm ; $c 20 x 14 cm =600 #4$$a Bulan islam =990 ##$$a 16191619